[Event "España ch sub-12 2012"]
[Site "Salobreña ESP"]
[Date "2012.07.05"]
[Round "6.9"]
[White "Cirera Sancho, Alberto"]
[Black "Redondo Benavente, Ana Del Carmen"]
[Result "1-0"]
[WhiteElo "1629"]
[BlackElo "1419"]
[PlyCount "107"]
[EventDate "2012.07.02"]
[EventType "swiss"]
[EventRounds "9"]
[EventCountry "ESP"]
[Source "lmi"]
[SourceDate "2012.07.02"]

1. e4 e5 2. d4 exd4 3. Qxd4 d6 4. Nc3 Nc6 5. Qe3 Nf6 6. Bd2 Be7 7. O-O-O Be6 8.
f4 g6 9. h3 h5 10. Nf3 a6 11. Bd3 Nb4 12. f5 Nxd3+ 13. Qxd3 Bd7 14. fxg6 fxg6
15. Nd4 c5 16. e5 Bf5 17. Nxf5 dxe5 18. Qxd8+ Rxd8 19. Nxe7 Kxe7 20. Bg5 Ke6
21. Rxd8 Rxd8 22. Ne4 Kf5 23. Bxf6 Rd4 24. Re1 Rxe4 25. Rxe4 Kxe4 26. Kd2 Kf4
27. c4 b5 28. b3 Ke4 29. Kc3 b4+ 30. Kc2 Kd4 31. Kb2 Ke4 32. g3 Kd4 33. a3 a5
34. Ka2 a4 35. Bxe5+ Kxe5 36. bxa4 Kd6 37. axb4 cxb4 38. Kb3 Kc5 39. h4 Kd4 40.
Kxb4 Ke3 41. a5 Kf3 42. a6 Kxg3 43. a7 Kxh4 44. a8=Q g5 45. Qh1+ Kg4 46. c5 Kf5
47. Qxh5 Kf4 48. c6 g4 49. c7 g3 50. c8=Q g2 51. Qcg4+ Ke3 52. Qhh3+ Kf2 53.
Qgxg2+ Ke1 54. Qhh1# 1-0

[Event "España ch sub-12 2012"]
[Site "Salobreña ESP"]
[Date "2012.07.05"]
[Round "6.10"]
[White "Gazquez Corral, Alba"]
[Black "Perez Garcia, Alejandro"]
[Result "0-1"]
[WhiteElo "1604"]
[BlackElo "1902"]
[PlyCount "126"]
[EventDate "2012.07.02"]
[EventType "swiss"]
[EventRounds "9"]
[EventCountry "ESP"]
[Source "lmi"]
[SourceDate "2012.07.02"]

1. e4 c6 2. d4 d5 3. e5 Bf5 4. Nc3 e6 5. Nf3 Nd7 6. Be2 Bb4 7. Bd2 Ne7 8. O-O
O-O 9. a3 Ba5 10. Na2 Bxd2 11. Qxd2 c5 12. c3 c4 13. Nh4 a5 14. Nxf5 Nxf5 15.
Bg4 Nh6 16. Be2 f5 17. f4 Kh8 18. Qe3 Rg8 19. Qh3 Qf8 20. Kh1 g5 21. g4 Qg7 22.
Rg1 Raf8 23. Raf1 fxg4 24. Bxg4 Nxg4 25. Qxg4 Rf5 26. fxg5 Rxg5 27. Qxg5 Qxg5
28. Rxg5 Rxg5 29. Rf7 Rg7 30. Rxg7 Kxg7 31. Kg2 Nb6 32. Nc1 Na4 33. Kg3 Nxb2
34. Kg4 Kg6 35. h4 h5+ 36. Kf4 Nd3+ 37. Nxd3 cxd3 38. Ke3 b5 39. Kxd3 Kf5 40.
a4 bxa4 41. c4 dxc4+ 42. Kxc4 Ke4 43. d5 exd5+ 44. Kc3 Kxe5 45. Kc2 Kd4 46. Kd2
a3 47. Ke2 a2 48. Kd2 a1=B 49. Ke2 Ke4 50. Kd2 d4 51. Ke2 Bc3 52. Kd1 d3 53.
Kc1 a4 54. Kd1 d2 55. Kc2 Ba5 56. Kd1 Ke3 57. Kc2 Ke2 58. Kb2 d1=B 59. Kc1 Bb3
60. Kb1 a3 61. Kc1 Bc3 62. Kb1 a2+ 63. Kc1 a1=R# 0-1

[Event "España ch sub-12 2012"]
[Site "Salobreña ESP"]
[Date "2012.07.05"]
[Round "6.11"]
[White "Nieves Cabanes, Jose Manuel"]
[Black "Tevar Becerra, Alvaro"]
[Result "1-0"]
[WhiteElo "1874"]
[BlackElo "1578"]
[PlyCount "103"]
[EventDate "2012.07.02"]
[EventType "swiss"]
[EventRounds "9"]
[EventCountry "ESP"]
[Source "lmi"]
[SourceDate "2012.07.02"]

1. d4 c5 2. e3 cxd4 3. exd4 d5 4. Bd3 Nc6 5. Nf3 Nf6 6. h3 e6 7. c3 Bd6 8. O-O
h6 9. Re1 O-O 10. Nbd2 Re8 11. Ne5 Qc7 12. Ndf3 Nd7 13. Qe2 Ndxe5 14. dxe5 Bc5
15. Bc2 Ne7 16. Nh4 a5 17. Qd3 Nf5 18. Nxf5 exf5 19. Qxd5 Be6 20. Qf3 Rad8 21.
Bxf5 Qb6 22. Bxe6 Rxe6 23. b3 Rde8 24. Bf4 Bd6 25. Rad1 Bxe5 26. Bxe5 Rxe5 27.
Rxe5 Rxe5 28. Rd7 Qe6 29. Rxb7 Re1+ 30. Kh2 Ra1 31. Rb8+ Kh7 32. Qd3+ Qg6 33.
Qxg6+ Kxg6 34. a4 h5 35. Kg3 Rc1 36. c4 Kf6 37. h4 Kg6 38. f3 Kf6 39. Rb5 Rc3
40. Rxh5 Rxb3 41. Rxa5 Rc3 42. c5 Ke6 43. Rb5 Kd5 44. Rb7 Ke6 45. Rb5 Kd5 46.
Ra5 Rxc5 47. Rxc5+ Kxc5 48. Kf4 Kb4 49. g4 Kxa4 50. g5 Kb5 51. h5 g6 52. h6 1-0

[Event "España ch sub-12 2012"]
[Site "Salobreña ESP"]
[Date "2012.07.05"]
[Round "6.12"]
[White "Lledo Moll, Carles"]
[Black "Lechuga Cabrero, Luis Miguel"]
[Result "0-1"]
[WhiteElo "1551"]
[BlackElo "1712"]
[PlyCount "94"]
[EventDate "2012.07.02"]
[EventType "swiss"]
[EventRounds "9"]
[EventCountry "ESP"]
[Source "lmi"]
[SourceDate "2012.07.02"]

1. d4 Nf6 2. c4 g6 3. Nc3 Bg7 4. e4 d6 5. Nf3 O-O 6. Be2 e5 7. O-O Nbd7 8. b4
Re8 9. Qc2 exd4 10. Nxd4 Nxe4 11. Nxe4 Bxd4 12. Rb1 Qe7 13. Ng3 Bg7 14. Bb2 Nf6
15. Rfe1 Be6 16. Bf3 Rab8 17. Bd4 b6 18. Qa4 c5 19. bxc5 dxc5 20. Be5 Rbd8 21.
Bc6 Rf8 22. Qa6 Ne8 23. Bf4 Rd4 24. Bb8 Nd6 25. Bxa7 Nxc4 26. Bxb6 Qd6 27. Bb7
Bd5 28. Bxd5 Qxd5 29. a4 Ra8 30. Ba7 Rf4 31. Rbd1 Bd4 32. Nh1 Ne5 33. Qb6 Ng4
34. Rd2 Qf5 35. Ree2 Rxa7 36. g3 Rxa4 37. Qb8+ Kg7 38. gxf4 Ra1+ 39. Kg2 Qh5
40. Ng3 Qxh2+ 41. Kf3 Ra3+ 42. Re3 Bxe3 43. Qb2+ Kh6 44. Qxa3 Bxd2 45. Qxc5
Qxf2+ 46. Qxf2 Nxf2 47. Ne2 Nd3 0-1

[Event "España ch sub-12 2012"]
[Site "Salobreña ESP"]
[Date "2012.07.05"]
[Round "6.13"]
[White "Plazuelo Pascual, Juan"]
[Black "Galiana Fernandez, Adrian"]
[Result "1-0"]
[WhiteElo "1703"]
[BlackElo "1470"]
[PlyCount "55"]
[EventDate "2012.07.02"]
[EventType "swiss"]
[EventRounds "9"]
[EventCountry "ESP"]
[Source "lmi"]
[SourceDate "2012.07.02"]

1. e4 c5 2. Nf3 e6 3. d4 cxd4 4. Nxd4 Nf6 5. Nc3 Bb4 6. e5 Nd5 7. Bd2 Bxc3 8.
bxc3 O-O 9. Bd3 Ne7 10. Qg4 Ng6 11. f4 d6 12. exd6 Qxd6 13. O-O Nc6 14. Nxc6
Qxc6 15. Rae1 Bd7 16. Re3 Qb6 17. Kh1 Rfd8 18. Rh3 e5 19. f5 f6 20. Bc4+ Kf8
21. Rxh7 Ke7 22. Rxg7+ Kd6 23. Qxg6 Rf8 24. Rd1 Kc7 25. Rxd7+ Kb8 26. Bd5 Qf2
27. Rxb7+ Kc8 28. Qg7 1-0

[Event "España ch sub-12 2012"]
[Site "Salobreña ESP"]
[Date "2012.07.05"]
[Round "6.14"]
[White "Puga Sanchez, Miguel"]
[Black "Represa Perez, Mireya"]
[Result "1/2-1/2"]
[WhiteElo "1670"]
[BlackElo "1525"]
[PlyCount "66"]
[EventDate "2012.07.02"]
[EventType "swiss"]
[EventRounds "9"]
[EventCountry "ESP"]
[Source "lmi"]
[SourceDate "2012.07.02"]

1. e4 c5 2. Nc3 Nc6 3. f4 g6 4. Nf3 e6 5. Bb5 Bg7 6. Bxc6 bxc6 7. O-O Ne7 8. d3
O-O 9. Qe1 Rb8 10. Qh4 f5 11. e5 Nd5 12. Qxd8 Rxd8 13. Na4 Nb4 14. Rf2 Bf8 15.
Be3 Nd5 16. Bd2 Nb4 17. Ne1 Nd5 18. b3 d6 19. c4 Nb6 20. Nxb6 axb6 21. exd6 Bg7
22. Rc1 Bd4 23. Bc3 Bxf2+ 24. Kxf2 Ra8 25. Ra1 Rxd6 26. Ke3 Rd7 27. Bb2 Rda7
28. Kd2 Rxa2 29. Rxa2 Rxa2 30. Kc2 b5 31. Nf3 bxc4 32. dxc4 Bd7 33. Ne5 Be8
1/2-1/2

[Event "España ch sub-12 2012"]
[Site "Salobreña ESP"]
[Date "2012.07.05"]
[Round "6.16"]
[White "Lacruz Algarate, Alvaro"]
[Black "Povill Claros, Xavier"]
[Result "1/2-1/2"]
[WhiteElo "1363"]
[BlackElo "1630"]
[PlyCount "55"]
[EventDate "2012.07.02"]
[EventType "swiss"]
[EventRounds "9"]
[EventCountry "ESP"]
[Source "lmi"]
[SourceDate "2012.07.02"]

1. e4 e6 2. b3 d5 3. Bb2 dxe4 4. Nc3 Nf6 5. Qe2 Be7 6. O-O-O c5 7. g4 h6 8. Bg2
Nc6 9. h3 Bd7 10. Qe3 Qc7 11. Nxe4 Nxe4 12. Bxe4 Bf8 13. f4 O-O-O 14. Bg2 f6
15. Ne2 Bd6 16. Kb1 Rhe8 17. Rhf1 e5 18. f5 Ne7 19. Nc3 Bc6 20. Ne4 b6 21. c4
Bxe4+ 22. Qxe4 Ng8 23. Kc2 Bf8 24. Qa8+ Qb8 25. Qc6+ Qc7 26. Qa8+ Qb8 27. Qc6+
Qc7 28. Qa8+ 1/2-1/2

[Event "España ch sub-12 2012"]
[Site "Salobreña ESP"]
[Date "2012.07.05"]
[Round "6.17"]
[White "Guerrero Orihuela, Jose Luis"]
[Black "Garcia Martin, Marta"]
[Result "1/2-1/2"]
[WhiteElo "1491"]
[BlackElo "1607"]
[PlyCount "108"]
[EventDate "2012.07.02"]
[EventType "swiss"]
[EventRounds "9"]
[EventCountry "ESP"]
[Source "lmi"]
[SourceDate "2012.07.02"]

1. d4 d5 2. c4 e6 3. Nc3 Nf6 4. cxd5 exd5 5. Bg5 Be7 6. Qc2 Bg4 7. Qb3 Nbd7 8.
f3 Be6 9. O-O-O Nb6 10. e3 Nfd7 11. Bf4 Bg5 12. Nge2 a6 13. Qc2 Rc8 14. Bxg5
Qxg5 15. Nf4 Bf5 16. Qb3 c6 17. g4 Be6 18. h4 Qe7 19. Qc2 c5 20. Kb1 c4 21.
Nxe6 fxe6 22. e4 Kd8 23. Bg2 Qd6 24. e5 Qe7 25. f4 g6 26. h5 Rg8 27. hxg6 hxg6
28. Rh6 Nf8 29. Rdh1 Qg7 30. Na4 Nbd7 31. Qc3 Rc6 32. Qa5+ Kc8 33. Nc3 Nb6 34.
a3 Kb8 35. Na2 Nbd7 36. Nb4 Rb6 37. Nxd5 exd5 38. Bxd5 Rb5 39. Qd8+ Ka7 40.
Bxg8 Qxg8 41. Rh8 Qd5 42. Rd1 Qe4+ 43. Ka1 Qc2 44. Rb1 c3 45. b4 Qa4 46. Ka2 c2
47. Rc1 Rxb4 48. Rh3 Rxd4 49. Rb3 Qc4 50. Kb2 Rd3 51. Rxd3 Qxd3 52. Rxc2 Qd4+
53. Kb1 Qxf4 54. Kb2 Qd4+ 1/2-1/2

[Event "España ch sub-12 2012"]
[Site "Salobreña ESP"]
[Date "2012.07.05"]
[Round "6.18"]
[White "Bento Iglesias, Pablo"]
[Black "Roig Serralta, Nadal"]
[Result "0-1"]
[WhiteElo "1539"]
[BlackElo "1721"]
[PlyCount "39"]
[EventDate "2012.07.02"]
[EventType "swiss"]
[EventRounds "9"]
[EventCountry "ESP"]
[Source "lmi"]
[SourceDate "2012.07.02"]

1. e4 e6 2. d3 d5 3. Nd2 Nf6 4. Ngf3 Bc5 5. e5 Nfd7 6. d4 Be7 7. Bd3 c5 8. c3
Nc6 9. O-O g5 10. h3 h5 11. Nh2 cxd4 12. cxd4 Nxd4 13. Nc4 dxc4 14. Bxc4 Nxe5
15. Be2 Nxe2+ 16. Qxe2 Bf6 17. f4 gxf4 18. Rxf4 Nd3 19. Rf3 Nxc1 20. Rxc1 0-1

[Event "España ch sub-12 2012"]
[Site "Salobreña ESP"]
[Date "2012.07.05"]
[Round "6.19"]
[White "Ros Alonso, Jaume"]
[Black "Leal Romero, Antonio Jose"]
[Result "1-0"]
[WhiteElo "1713"]
[BlackElo "1537"]
[PlyCount "161"]
[EventDate "2012.07.02"]
[EventType "swiss"]
[EventRounds "9"]
[EventCountry "ESP"]
[Source "lmi"]
[SourceDate "2012.07.02"]

1. e4 e5 2. Nf3 Nc6 3. d4 exd4 4. Nxd4 Bc5 5. Nb3 Bb6 6. Nc3 d6 7. Qe2 Be6 8.
Be3 Qd7 9. O-O-O Nf6 10. f3 O-O-O 11. Bxb6 axb6 12. Nd4 d5 13. exd5 Nxd5 14.
Nxd5 Bxd5 15. Nxc6 Qxc6 16. Qb5 Qh6+ 17. Rd2 Qxd2+ 18. Kxd2 Bc4+ 19. Kc1 Bxb5
20. Bxb5 c6 21. Bd3 Rhe8 22. Rd1 Kc7 23. b3 Re3 24. Kd2 Re7 25. Kc1 g6 26. g4
Re3 27. Rf1 Re5 28. Rg1 b5 29. a3 Ra8 30. Kb2 Ree8 31. h4 h6 32. Rf1 Rf8 33.
Rg1 Rae8 34. Kc1 Kb6 35. Kb2 Re3 36. Rg3 Re1 37. Rh3 Rfe8 38. Be4 c5 39. h5 g5
40. Rh2 Rd8 41. Bd3 Rd4 42. Rf2 Ka5 43. Kc3 b6 44. Kb2 Re7 45. Rf1 Red7 46. Re1
Rf4 47. Re8 Ka6 48. Ra8+ Kb7 49. Rh8 Rd6 50. Rh7 c4 51. bxc4 bxc4 52. Be4+ Kc7
53. Kc3 b5 54. Kb4 Kb6 55. Rh8 Rxe4 56. fxe4 Re6 57. e5 Kc6 58. Rh7 f6 59. Rxh6
Kd7 60. exf6 Re4 61. f7 Ke7 62. Rg6 Rxg4 63. Rg7 Kf8 64. h6 Rh4 65. Rxg5 Rxh6
66. Rf5 Rh2 67. c3 Rb2+ 68. Ka5 Rb3 69. Rf3 Rxa3+ 70. Kxb5 Ra7 71. Kxc4 Rc7+
72. Kd5 Re7 73. c4 Rc7 74. c5 Rd7+ 75. Kc6 Rd1 76. Kc7 Rc1 77. c6 Rc2 78. Rf6
Ra2 79. Kb7 Rb2+ 80. Kc8 Rc2 81. c7 1-0

[Event "España ch sub-12 2012"]
[Site "Salobreña ESP"]
[Date "2012.07.05"]
[Round "6.20"]
[White "Roldan Marques, Daniel"]
[Black "Soto Martin, Pablo"]
[Result "0-1"]
[WhiteElo "1513"]
[BlackElo "1707"]
[PlyCount "68"]
[EventDate "2012.07.02"]
[EventType "swiss"]
[EventRounds "9"]
[EventCountry "ESP"]
[Source "lmi"]
[SourceDate "2012.07.02"]

1. d4 Nf6 2. Nf3 g6 3. c4 Bg7 4. Nc3 O-O 5. e4 d6 6. Be2 e5 7. d5 a5 8. a3 Na6
9. b4 axb4 10. axb4 Bd7 11. Qb3 Qe7 12. Bb2 Nh5 13. Nd2 Nf4 14. Ra3 f5 15. Bf1
c5 16. dxc6 bxc6 17. g3 Nh5 18. c5+ Be6 19. cxd6 Qxd6 20. Bc4 Rfe8 21. Qa2 Nc7
22. O-O Rxa3 23. Bxe6+ Nxe6 24. Bxa3 Qd3 25. exf5 Qxf5 26. Nce4 Kh8 27. Nd6 Qh3
28. Qb3 Rf8 29. N6c4 Nd4 30. Qe3 Rf5 31. Bb2 Bh6 32. Qe4 Nf6 33. Qd3 Ng4 34.
Ra1 Qxh2+ 0-1

[Event "España ch sub-12 2012"]
[Site "Salobreña ESP"]
[Date "2012.07.05"]
[Round "6.21"]
[White "Aledo Yanguas, Javier"]
[Black "Cabrera Valverde, Jose David"]
[Result "1-0"]
[WhiteElo "1654"]
[BlackElo "1457"]
[PlyCount "59"]
[EventDate "2012.07.02"]
[EventType "swiss"]
[EventRounds "9"]
[EventCountry "ESP"]
[Source "lmi"]
[SourceDate "2012.07.02"]

1. e4 c5 2. c3 Nc6 3. d4 e6 4. Nf3 d5 5. exd5 exd5 6. Bf4 Nf6 7. Bd3 c4 8. Bc2
Bd6 9. Bxd6 Qxd6 10. Nbd2 O-O 11. O-O Bg4 12. h3 Bh5 13. Re1 Rfe8 14. Nf1 Rxe1
15. Qxe1 Bxf3 16. gxf3 Re8 17. Qd2 Nh5 18. Qg5 Nf4 19. Qh4 h6 20. Ng3 Nd3 21.
Bxd3 cxd3 22. Rd1 Qg6 23. Qg4 Re1+ 24. Rxe1 d2 25. Rd1 Qc2 26. f4 Na5 27. Qe2
Nc4 28. b3 Nb2 29. Rxd2 Qc1+ 30. Kg2 1-0

[Event "España ch sub-12 2012"]
[Site "Salobreña ESP"]
[Date "2012.07.05"]
[Round "6.22"]
[White "Martinez Lopez, Carlos"]
[Black "Trigueros Lorca, Irene"]
[Result "1-0"]
[WhiteElo "1649"]
[BlackElo "1452"]
[PlyCount "101"]
[EventDate "2012.07.02"]
[EventType "swiss"]
[EventRounds "9"]
[EventCountry "ESP"]
[Source "lmi"]
[SourceDate "2012.07.02"]

1. e4 Nf6 2. e5 Nd5 3. Nc3 Nxc3 4. dxc3 Nc6 5. Nf3 d6 6. Bc4 Bf5 7. exd6 cxd6
8. Be3 e6 9. Qd2 Be7 10. O-O-O d5 11. Bd3 Bxd3 12. cxd3 O-O 13. h4 a5 14. h5 h6
15. Rh3 Kh7 16. g4 f6 17. d4 a4 18. Qc2+ f5 19. Rg1 Bg5 20. Bxg5 hxg5 21. gxf5
exf5 22. Nxg5+ Kh8 23. Ne6 Qf6 24. Nxf8 Qh6+ 25. Qd2 Qxd2+ 26. Kxd2 Rxf8 27.
Rhg3 Rf7 28. b3 axb3 29. axb3 b5 30. Ra1 Rb7 31. Ra6 Ne7 32. Re3 Kg8 33. Ree6
Kf7 34. Reb6 Rd7 35. Rxb5 Rd8 36. Rb7 Kf8 37. Raa7 Nc6 38. Ra6 Ne7 39. Re6 Ng8
40. Reb6 Nf6 41. Rb8 Rxb8 42. Rxb8+ Kf7 43. Rb7+ Kf8 44. Rb6 Nxh5 45. Rd6 Nf6
46. Rxf6+ gxf6 47. c4 Ke7 48. Ke3 Kd6 49. Kf4 dxc4 50. bxc4 Ke6 51. f3 1-0

[Event "España ch sub-12 2012"]
[Site "Salobreña ESP"]
[Date "2012.07.05"]
[Round "6.23"]
[White "Martinez Bernardo, Aitor"]
[Black "Sanchez Cornago, Raul"]
[Result "0-1"]
[WhiteElo "1640"]
[BlackElo "1433"]
[PlyCount "92"]
[EventDate "2012.07.02"]
[EventType "swiss"]
[EventRounds "9"]
[EventCountry "ESP"]
[Source "lmi"]
[SourceDate "2012.07.02"]

1. d4 d5 2. c4 e6 3. Nc3 Nf6 4. Bf4 c6 5. Rc1 Be7 6. e3 O-O 7. Nf3 Nbd7 8. Be2
dxc4 9. Bxc4 Nd5 10. Nxd5 exd5 11. Bb3 Nf6 12. O-O Bg4 13. Bc2 Ne4 14. Qd3 Bf5
15. Qb3 b6 16. Bxe4 Bxe4 17. Rxc6 Bxf3 18. gxf3 Bg5 19. Bg3 Be7 20. Kh1 Qd7 21.
Rcc1 Rfc8 22. Rce1 Rc4 23. Rg1 Rac8 24. a3 Bd6 25. Qd3 Bxg3 26. Rxg3 Rc1 27.
Qf1 Rxe1 28. Qxe1 Rc2 29. Qg1 f6 30. Qb1 Rxf2 31. Qa2 Qb5 32. e4 Rxb2 33. Qxd5+
Qxd5 34. exd5 Rb5 35. d6 Rd5 36. Rg4 Rxd6 37. Re4 Kf7 38. Kg2 g5 39. Kg3 h5 40.
h4 Re6 41. hxg5 fxg5 42. Rxe6 Kxe6 43. Kf2 Kd5 44. Ke3 h4 45. Kd3 h3 46. Ke2 h2
0-1

[Event "España ch sub-12 2012"]
[Site "Salobreña ESP"]
[Date "2012.07.06"]
[Round "7.1"]
[White "Porta Tovar, Guillem"]
[Black "Jimenez Vado, Yvan"]
[Result "1/2-1/2"]
[WhiteElo "1846"]
[BlackElo "1739"]
[PlyCount "78"]
[EventDate "2012.07.02"]
[EventType "swiss"]
[EventRounds "9"]
[EventCountry "ESP"]
[Source "lmi"]
[SourceDate "2012.07.02"]

1. e4 c5 2. Nf3 Nc6 3. d4 cxd4 4. Nxd4 Nf6 5. Nc3 g6 6. Be3 Bg7 7. Bc4 O-O 8.
Bb3 d6 9. f3 Bd7 10. Qd2 Na5 11. Nd5 Nxb3 12. Nxf6+ Bxf6 13. Nxb3 Bxb2 14. h4
Qc7 15. Bd4 Bxd4 16. Nxd4 Rac8 17. O-O-O Qc3 18. Qxc3 Rxc3 19. Kb2 Rfc8 20. Rd2
Kg7 21. h5 Ba4 22. Rh3 Bd7 23. g4 Bxg4 24. Rg3 Bd7 25. hxg6 hxg6 26. Rh2 R3c5
27. f4 Rh8 28. Rhg2 e6 29. Rb3 b6 30. Ra3 a5 31. Rb3 b5 32. Rf3 Kf8 33. Rd2 Ke7
34. Re3 Kd8 35. Nb3 Rc6 36. Nxa5 Ra6 37. Nb3 Kc7 38. e5 d5 39. Nd4 Kb6 1/2-1/2

[Event "España ch sub-12 2012"]
[Site "Salobreña ESP"]
[Date "2012.07.06"]
[Round "7.2"]
[White "Orantes Taboada, Francisco"]
[Black "Lopez Mulet, Iñigo"]
[Result "0-1"]
[WhiteElo "1688"]
[BlackElo "1957"]
[PlyCount "40"]
[EventDate "2012.07.02"]
[EventType "swiss"]
[EventRounds "9"]
[EventCountry "ESP"]
[Source "lmi"]
[SourceDate "2012.07.02"]

1. e4 e6 2. d4 d5 3. e5 c5 4. c3 Nc6 5. Nf3 Bd7 6. a3 Nge7 7. b4 cxd4 8. cxd4
Nf5 9. Be3 b5 10. Nc3 a5 11. bxa5 Nxe3 12. fxe3 Qxa5 13. Qd2 b4 14. Nd1 bxa3
15. Qxa5 Nxa5 16. Be2 Bb4+ 17. Kf2 Nb3 18. Ra2 Nc1 19. Ra1 a2 20. Nb2 Nb3 0-1

[Event "España ch sub-12 2012"]
[Site "Salobreña ESP"]
[Date "2012.07.06"]
[Round "7.3"]
[White "Gimenez Aguirre, Alejo Ismael"]
[Black "Escudero Manzano, Sergio"]
[Result "1-0"]
[WhiteElo "1872"]
[BlackElo "1789"]
[PlyCount "51"]
[EventDate "2012.07.02"]
[EventType "swiss"]
[EventRounds "9"]
[EventCountry "ESP"]
[Source "lmi"]
[SourceDate "2012.07.02"]

1. e4 c5 2. Nf3 Nc6 3. d4 cxd4 4. Nxd4 Nf6 5. Nc3 e5 6. Nde2 Bb4 7. Bd2 d5 8.
exd5 Nxd5 9. Nxd5 Qxd5 10. Nc3 Qd8 11. Bd3 Be6 12. O-O O-O 13. Ne4 Bxd2 14.
Qxd2 Bf5 15. Rad1 Bg6 16. c3 Qb6 17. Qe2 Rad8 18. Bb1 Rxd1 19. Rxd1 Rd8 20.
Rxd8+ Qxd8 21. Qd3 Qb6 22. Qd7 h6 23. Qe8+ Kh7 24. Nf6+ gxf6 25. Qxf7+ Kh8 26.
Bxg6 1-0

[Event "España ch sub-12 2012"]
[Site "Salobreña ESP"]
[Date "2012.07.06"]
[Round "7.4"]
[White "Cirera Sancho, Alberto"]
[Black "Bayo Milagro, Alvaro"]
[Result "1-0"]
[WhiteElo "1629"]
[BlackElo "1856"]
[PlyCount "49"]
[EventDate "2012.07.02"]
[EventType "swiss"]
[EventRounds "9"]
[EventCountry "ESP"]
[Source "lmi"]
[SourceDate "2012.07.02"]

1. e4 e5 2. Nf3 Nc6 3. d4 exd4 4. Nxd4 Bc5 5. Be3 Qf6 6. c3 Nge7 7. Bc4 Nxd4 8.
Bxd4 Bxd4 9. Qxd4 Qg6 10. O-O Nc6 11. Qe3 d6 12. Na3 Be6 13. Bd5 Nd8 14. f4
Bxd5 15. exd5+ Kd7 16. Rfe1 a6 17. Qd4 Re8 18. Qa4+ c6 19. Nc4 Rxe1+ 20. Rxe1
Ra7 21. Qa5 cxd5 22. Nb6+ Kc6 23. Nxd5 Qh6 24. Re7 Ne6 25. Nb4# 1-0

[Event "España ch sub-12 2012"]
[Site "Salobreña ESP"]
[Date "2012.07.06"]
[Round "7.5"]
[White "Cabrera Valverde, Cristina"]
[Black "Muñoz Pelaez, Manuel"]
[Result "0-1"]
[WhiteElo "1511"]
[BlackElo "1805"]
[PlyCount "76"]
[EventDate "2012.07.02"]
[EventType "swiss"]
[EventRounds "9"]
[EventCountry "ESP"]
[Source "lmi"]
[SourceDate "2012.07.02"]

1. e4 e5 2. Nf3 Nc6 3. Bc4 Bc5 4. c3 Nf6 5. d4 exd4 6. O-O Nxe4 7. cxd4 d5 8.
dxc5 dxc4 9. Qe2 f5 10. Qxc4 Qe7 11. Re1 Be6 12. Qb5 O-O-O 13. Nc3 Qxc5 14.
Qxc5 Nxc5 15. Bg5 Rde8 16. a3 h6 17. Be3 Nd3 18. Re2 Bc4 19. Rd2 Rd8 20. g3 g5
21. Rc2 Rhe8 22. h3 Nce5 23. Nxe5 Rxe5 24. Ne2 Ba6 25. Bxa7 Rxe2 26. Rxe2 b6
27. Rc2 Kb7 28. Bxb6 cxb6 29. Rd1 Rd5 30. Rcd2 Kc6 31. Rc2+ Kd6 32. Rdd2 Rc5
33. Rxc5 bxc5 34. Kg2 Kd5 35. Kf3 Kd4 36. Ke2 c4 37. Rc2 Nxb2 38. Ke1 Ke5 0-1

[Event "España ch sub-12 2012"]
[Site "Salobreña ESP"]
[Date "2012.07.06"]
[Round "7.6"]
[White "Perez Garcia, Alejandro"]
[Black "Plazuelo Pascual, Juan"]
[Result "1-0"]
[WhiteElo "1902"]
[BlackElo "1703"]
[PlyCount "113"]
[EventDate "2012.07.02"]
[EventType "swiss"]
[EventRounds "9"]
[EventCountry "ESP"]
[Source "lmi"]
[SourceDate "2012.07.02"]

1. c4 e5 2. Nc3 Nc6 3. g3 Nf6 4. Bg2 Bc5 5. e3 d6 6. Nge2 a6 7. d4 exd4 8. exd4
Ba7 9. O-O O-O 10. Re1 Bf5 11. Bg5 h6 12. Bxf6 Qxf6 13. Nd5 Qd8 14. Qb3 Rb8 15.
Rad1 Re8 16. Ne3 Bh7 17. Qc3 Ne7 18. Nf4 c6 19. Nh5 Bg6 20. Bf3 f6 21. Nf4 Bf7
22. d5 cxd5 23. cxd5 Rc8 24. Qd3 Qb6 25. Bg4 Rc5 26. Ne6 Ra5 27. a3 Qxb2 28.
Nc7 Rd8 29. Nc2 Nxd5 30. Rb1 Qc3 31. Qxc3 Nxc3 32. Rxb7 Bb8 33. Re7 Nd5 34. Ne6
Nxe7 35. Nxd8 Rc5 36. Rxe7 Rxc2 37. Nxf7 Rc7 38. Rxc7 Bxc7 39. Be6 Kf8 40. a4
Ke7 41. Bd5 a5 42. f3 Bb6+ 43. Kf1 Bc5 44. g4 f5 45. h3 fxg4 46. fxg4 Kf6 47.
Ke2 Kg6 48. Kf3 Bb4 49. Ke4 Bc5 50. Be6 Kf6 51. Kd5 Ke7 52. h4 Bb4 53. h5 Bc5
54. Nh8 Kf6 55. Ng6 Bb4 56. Nf8 Ke7 57. Nd7 1-0

[Event "España ch sub-12 2012"]
[Site "Salobreña ESP"]
[Date "2012.07.06"]
[Round "7.7"]
[White "Zapata Caparros, Sergio"]
[Black "Nieves Cabanes, Jose Manuel"]
[Result "0-1"]
[WhiteElo "1653"]
[BlackElo "1874"]
[PlyCount "39"]
[EventDate "2012.07.02"]
[EventType "swiss"]
[EventRounds "9"]
[EventCountry "ESP"]
[Source "lmi"]
[SourceDate "2012.07.02"]

1. d4 d5 2. c4 c6 3. Nc3 Nf6 4. cxd5 cxd5 5. Bf4 Nc6 6. e3 Bf5 7. Bd3 Bxd3 8.
Qxd3 e6 9. Rc1 Be7 10. Nf3 O-O 11. O-O Nh5 12. Rfe1 Nxf4 13. exf4 Bf6 14. Ne5
Rc8 15. Re3 g6 16. Rh3 Qe7 17. Re3 Bxe5 18. fxe5 Qb4 19. Nb5 Nxe5 20. Rce1 0-1

[Event "España ch sub-12 2012"]
[Site "Salobreña ESP"]
[Date "2012.07.06"]
[Round "7.8"]
[White "Larraga Navarro, Adrian"]
[Black "Roma Barge, Gabriel"]
[Result "1-0"]
[WhiteElo "1646"]
[BlackElo "1735"]
[PlyCount "135"]
[EventDate "2012.07.02"]
[EventType "swiss"]
[EventRounds "9"]
[EventCountry "ESP"]
[Source "lmi"]
[SourceDate "2012.07.02"]

1. e4 e5 2. Nc3 Bb4 3. Bc4 Nf6 4. f4 O-O 5. fxe5 Bxc3 6. dxc3 Nxe4 7. Nf3 d6 8.
O-O c6 9. exd6 Nxd6 10. Bb3 Qb6+ 11. Qd4 c5 12. Qf2 c4 13. Qxb6 axb6 14. Bf4
cxb3 15. Bxd6 Re8 16. cxb3 Nc6 17. a4 Be6 18. b4 Bb3 19. Bc7 Re2 20. Rf2 Rxf2
21. Kxf2 b5 22. a5 Bd5 23. Rd1 Bxf3 24. gxf3 Kf8 25. Rd5 Ke7 26. Rxb5 Kd7 27.
Bg3 Nd8 28. Rd5+ Ke6 29. c4 Rc8 30. b5 Rxc4 31. Rxd8 Rc2+ 32. Ke1 Rxb2 33. a6
bxa6 34. bxa6 Ra2 35. Ra8 Ra1+ 36. Kf2 Kd5 37. a7 Kc6 38. Kg2 Kb7 39. Rf8 Rxa7
40. Bf2 Ra6 41. Rxf7+ Kc8 42. Rxg7 Rh6 43. h3 Kd8 44. Be3 Rh5 45. Bg5+ Ke8 46.
Kg3 Kf8 47. Kg4 Rxh3 48. Ra7 Rh1 49. Kf5 h6 50. Kf6 Ke8 51. Be3 Rh3 52. Ke6 Kd8
53. Rf7 h5 54. Bg5+ Kc8 55. f4 Ra3 56. Rh7 Ra6+ 57. Kf5 Rc6 58. Rxh5 Kd7 59.
Rh6 Rc5+ 60. Kg4 Ke8 61. f5 Kf7 62. Rh7+ Kg8 63. Ra7 Rc2 64. Kh5 Rc6 65. f6 Kf8
66. Kg6 Rc8 67. Bh6+ Kg8 68. f7+ 1-0

[Event "España ch sub-12 2012"]
[Site "Salobreña ESP"]
[Date "2012.07.06"]
[Round "7.9"]
[White "Lechuga Cabrero, Luis Miguel"]
[Black "Castillo Dalmau, Albert"]
[Result "1-0"]
[WhiteElo "1712"]
[BlackElo "1466"]
[PlyCount "95"]
[EventDate "2012.07.02"]
[EventType "swiss"]
[EventRounds "9"]
[EventCountry "ESP"]
[Source "lmi"]
[SourceDate "2012.07.02"]

1. e4 c6 2. d4 d5 3. Nc3 dxe4 4. Nxe4 Bf5 5. Ng3 Bg6 6. Nf3 Nd7 7. h4 h6 8. h5
Bh7 9. Bd3 Bxd3 10. Qxd3 e6 11. Bd2 Ngf6 12. O-O-O Be7 13. Rdg1 O-O 14. Ne4
Nxe4 15. Qxe4 Nf6 16. Qd3 Qd5 17. c4 Qe4 18. Qxe4 Nxe4 19. Be3 Kh7 20. Ne5 Rad8
21. g4 c5 22. dxc5 Bxc5 23. Bxc5 Nxc5 24. f3 Nd3+ 25. Nxd3 Rxd3 26. Rf1 f5 27.
b3 Rd4 28. Rd1 Rfd8 29. Rxd4 Rxd4 30. Rd1 Rxd1+ 31. Kxd1 g6 32. b4 gxh5 33.
gxf5 exf5 34. f4 Kg7 35. Ke2 Kf7 36. Kf3 h4 37. Kg2 Ke6 38. Kh3 Kd6 39. Kxh4 a5
40. a3 axb4 41. axb4 b5 42. c5+ Kd5 43. Kh5 Ke4 44. c6 Kxf4 45. c7 Ke3 46. c8=Q
f4 47. Qc5+ Kf3 48. Qxb5 1-0